<?xml version="1.0" encoding="UTF-8"?>
<record
    xmlns:xsi="http://www.w3.org/2001/XMLSchema-instance"
    xsi:schemaLocation="http://www.loc.gov/MARC21/slim http://www.loc.gov/standards/marcxml/schema/MARC21slim.xsd"
    xmlns="http://www.loc.gov/MARC21/slim">

  <leader>03530nam a2200289 i 4500</leader>
  <controlfield tag="001">000008408</controlfield>
  <controlfield tag="003">DO-SdBNP</controlfield>
  <controlfield tag="005">20250630100925.0</controlfield>
  <controlfield tag="008">101224s2002    dr            000 fbspa d</controlfield>
  <datafield tag="040" ind1=" " ind2=" ">
    <subfield code="a">DO-SdBNP</subfield>
    <subfield code="b">spa</subfield>
    <subfield code="c">BNPHU</subfield>
    <subfield code="e">rda</subfield>
  </datafield>
  <datafield tag="082" ind1=" " ind2="4">
    <subfield code="a">923.17293</subfield>
    <subfield code="b">T866C</subfield>
    <subfield code="2">22</subfield>
  </datafield>
  <datafield tag="100" ind1="1" ind2=" ">
    <subfield code="a">Collado, Lipe,</subfield>
    <subfield code="d">1947-</subfield>
    <subfield code="e">autor</subfield>
    <subfield code="9">79819</subfield>
  </datafield>
  <datafield tag="245" ind1="1" ind2="0">
    <subfield code="a">An&#xE9;cdotas y crueldades de Trujillo /</subfield>
    <subfield code="c">Lipe Collado.</subfield>
  </datafield>
  <datafield tag="250" ind1=" " ind2=" ">
    <subfield code="a"> </subfield>
  </datafield>
  <datafield tag="264" ind1=" " ind2=" ">
    <subfield code="a">Santo Domingo :</subfield>
    <subfield code="b">Collado,</subfield>
    <subfield code="c">2002.</subfield>
  </datafield>
  <datafield tag="300" ind1=" " ind2=" ">
    <subfield code="a">247 p&#xE1;ginas ;</subfield>
    <subfield code="c">21 cm.</subfield>
  </datafield>
  <datafield tag="336" ind1=" " ind2=" ">
    <subfield code="a">rdacontent</subfield>
    <subfield code="b">texto</subfield>
    <subfield code="2">txt</subfield>
  </datafield>
  <datafield tag="337" ind1=" " ind2=" ">
    <subfield code="a">rdamedia</subfield>
    <subfield code="b">sin mediaci&#xF3;n</subfield>
    <subfield code="2">n</subfield>
  </datafield>
  <datafield tag="338" ind1=" " ind2=" ">
    <subfield code="a">rdacarrier</subfield>
    <subfield code="b">volumen</subfield>
    <subfield code="2">nc</subfield>
  </datafield>
  <datafield tag="505" ind1=" " ind2=" ">
    <subfield code="a">Presentaci&#xF3;n 5|La vida de Trujillo I-XXII|Las casas del Jefe 7|Gustos del tirano Trujillo 9|Sab&#xED;a que lo matar&#xED;an 11|Un muerto dando tumbos 15|Prohibido pitar 18|Una prostituta en el palacio 20|Una orden capic&#xFA;a 24|Miedo al 13 27|Un carro sospechoso 29|Yo no quiero estar vivo 31|&#xBF;Y qui&#xE9;n se atrev&#xED;a? 33|&#xBF;Un disparo a Trujillo? 27|&#xBF;Feliz navidad? 40|&#xBF;Y van a seguir? 41|Fiesta en la casa enlutada 45|Ni flores, ni abrazos ni besos 47|Trujillo era avispado 49|Servicio dom&#xE9;stico 51|&#xA1;Perder el miedo! 53|El primer m&#xFA;sico de la rep&#xFA;blica 55|Una broma del tirano 58|Secuela de una conspiraci&#xF3;n 61|El jefe: de la bacinilla al catre 63|&#xA1;Prohibido retratar la papada! 68|El cantaclaro de Trujillo 71|Un psic&#xF3;pata llamado Trujillo 73|Trujillo se define 75|Una composici&#xF3;n a la madre 76|Mi hija es suya 78|Es un maric&#xF3;n ... 80|Mi mujer y yo 83|Intrigantes profesionales 86|Dos problemas 89|Un preso con Trujillo 104|Abuelito tierno y bueno 106|&#xA1;Cobarde! &#xA1;Pendejo! 108|Guisando un pollo 112|Colchones adinerados 114|La casa del cerro 116|La justicia del jefe 119|El epitafio de Trujillo 112|Flores en la tumba del jefe 124|Ropa y figura 129|Los brujos de Trujillo 131|Probando fidelidad 135|Un homenaje intolerable 139|Bolitas negras amanecieron blancas 141|La comprita de Trujillo 143|&#xA1;M&#xE1;tenla, co&#xF1;o! 144|Un semic&#xED;rculo siniestro 146|El tirano arrodillado 148|&#xBF;Quer&#xED;a Morir? 153|Las pullitas del tirano 156|&#xA1;Qu&#xE9; accidente m&#xE1;s raro! 159|Los acorralados 162|Servicio especiales 165|Servicio especial 168|Trujillo no comi&#xF3; guandules 170|&#xBF;Qu&#xE9; hace usted aqu&#xED;? 173|El susto de don Panchito 176|Especializaci&#xF3;n por aqu&#xED; 179|Papeletas al granel 181|Trujillo: abuelito apoyador 183|Una ofensa al ej&#xE9;rcito 185|Una cartilla c&#xED;vica 187|Nadie encima de &#xE9;l 190|...porque no salud&#xF3; al jefe... 192|Por orden superior 194|Una f&#xE1;brica de papeletas 196|Obsesi&#xF3;n amorosa 198|Un gancho de Trujillo 201|Un abogado en obras p&#xFA;blicas 203|Una inspiraci&#xF3;n del jefe 205|Invitaci&#xF3;n falsa 208|&#xBF;Qui&#xE9;n es ese preso? 210|A los cinco d&#xED;as 212|La finca de un desafecto 214|Pl&#xE1;tanos barahoneros por decreto 216|Brindo por el trabajo 218|Formando un partido 220|Lo renunciaron 223|Gobernador de Santiago 225|Rechazo a los prietos 227|El m&#xE9;dico Trujillo 229|Un azaroso a Roma 231|Prohibido aplaudir 233|Las ametralladoras de Trujillo 235|Un donativo improcedente 237|Un repentismo curioso 240|Los tres sirenazos 242|Zanini resiste 243|Hasta a su mujer y a su madre 246|</subfield>
  </datafield>
  <datafield tag="590" ind1=" " ind2=" ">
    <subfield code="a">Inventariado, 2024/DG</subfield>
  </datafield>
  <datafield tag="600" ind1="1" ind2="0">
    <subfield code="a">Trujillo Molina, Rafael Le&#xF3;nidas,</subfield>
    <subfield code="d">1891-1961</subfield>
    <subfield code="v">An&#xE9;cdotas, chistes y s&#xE1;tiras, etc.</subfield>
    <subfield code="9">22667</subfield>
  </datafield>
  <datafield tag="651" ind1=" " ind2="4">
    <subfield code="a">Rep&#xFA;blica Dominicana</subfield>
    <subfield code="x">Pol&#xED;tica y gobierno</subfield>
    <subfield code="y">1930-1961</subfield>
    <subfield code="v">An&#xE9;cdotas, chistes y s&#xE1;tiras, etc. </subfield>
    <subfield code="9">22668</subfield>
  </datafield>
  <datafield tag="651" ind1=" " ind2="0">
    <subfield code="a">Rep&#xFA;blica Dominicana</subfield>
    <subfield code="x">Historia </subfield>
    <subfield code="y">Era de Trujillo, 1930-1961</subfield>
    <subfield code="v">An&#xE9;cdotas, chistes y s&#xE1;tiras, etc. </subfield>
    <subfield code="9">78796</subfield>
  </datafield>
  <datafield tag="910" ind1=" " ind2=" ">
    <subfield code="a">DG</subfield>
  </datafield>
  <datafield tag="942" ind1=" " ind2=" ">
    <subfield code="2">ddc</subfield>
    <subfield code="c">LBS1</subfield>
  </datafield>
  <datafield tag="952" ind1=" " ind2=" ">
    <subfield code="0">0</subfield>
    <subfield code="1">0</subfield>
    <subfield code="2">ddc</subfield>
    <subfield code="5">1</subfield>
    <subfield code="7">0</subfield>
    <subfield code="8">PD</subfield>
    <subfield code="a">BNPHU</subfield>
    <subfield code="b">BNPHU</subfield>
    <subfield code="c">CT</subfield>
    <subfield code="d">2024-12-11</subfield>
    <subfield code="e">Donado por la Presidencia de la Rep&#xFA;blica Dominicana 2023</subfield>
    <subfield code="l">0</subfield>
    <subfield code="o">BNPHU PD 923.17293 T866C</subfield>
    <subfield code="p">2024-7013</subfield>
    <subfield code="r">2024-12-11</subfield>
    <subfield code="w">2024-12-11</subfield>
    <subfield code="y">LBS1</subfield>
    <subfield code="z">Pertenecio a la biblioteca personal de Emilio Cordero Michel</subfield>
  </datafield>
  <datafield tag="999" ind1=" " ind2=" ">
    <subfield code="c">57954</subfield>
    <subfield code="d">57954</subfield>
  </datafield>
</record>
